000 00330nam a2200145Ia 4500
008 150201s2005 xx 000 0 und d
082 _a610.733
_bW2005P
100 _aPATEL,MANUKH B.
245 _aWARD PROCEDURES
250 _a4TH
260 _bELSEVIER
_aDELHI
_c2005
300 _a1-434
650 _aNURSING
942 _2ddc
_cBK
999 _c4082
_d4082